<?xml version="1.0" encoding="UTF-8"?>
<marc:record xmlns:marc="http://www.loc.gov/MARC21/slim">
   <marc:leader>00000nam a2200000 a 4500</marc:leader>
   <marc:datafield ind1="1" ind2=" " tag="100">
      <marc:subfield code="a">Anour, Rene</marc:subfield>
      <marc:subfield code="4">aut</marc:subfield>
      <marc:subfield code="e">Verfasser/-in</marc:subfield>
   </marc:datafield>
   <marc:datafield ind1="0" ind2="0" tag="245">
      <marc:subfield code="a">Die Totenärztin: Wiener Blut</marc:subfield>
   </marc:datafield>
   <marc:datafield ind1="0" ind2="0" tag="245">
      <marc:subfield code="b">Roman</marc:subfield>
   </marc:datafield>
   <marc:datafield ind1=" " ind2="1" tag="264">
      <marc:subfield code="b">Rowohlt-Taschenbuch-Verl.</marc:subfield>
      <marc:subfield code="c">2021</marc:subfield>
   </marc:datafield>
   <marc:datafield ind1="1" ind2=" " tag="490">
      <marc:subfield code="a">Die Totenärztin-Reihe</marc:subfield>
   </marc:datafield>
   <marc:datafield ind1="1" ind2=" " tag="520">
      <marc:subfield code="a">Wien, 1908. Als ein toter Obdachloser in die Gerichtsnedizin eingeliefert wird, schenkt niemand ihm einen zweiten Blick - niemand außer der jungen Ärztin Fanny Goldmann. Ihr fallen Ungereimtheiten auf, aber keiner ihrer männlichen Kollegen will auf sie hören. Daher obduziert sie die Leiche nachts heimlich. Eine gefährliche Entscheidung, denn plötzlich findet sie sich mitten in einer tödlichen Verschwörung rund um einen charismatischen Dieb und Kaiserin Sisis verschwundene Diamantsterne wieder....</marc:subfield>
   </marc:datafield>
   <marc:datafield ind1=" " ind2=" " tag="020">
      <marc:subfield code="a">9783499005589</marc:subfield>
      <marc:subfield code="9">9783499005589</marc:subfield>
   </marc:datafield>
</marc:record>
